000
00275nam a2200109Ia 4500
008
220120s9999||||xx |||||||||||||| ||und||
100
_a
Jawaraski, Jamie
_9
11663
245
0
_a
Java 2 certification
260
_a
Tata mcgraw hill
_c
2000
300
_b
0
650
_a
CONTROL SYSTEM
999
_c
136811
_d
136811